1602 1479 1831 1681 1685 1097 1879 1972 1279 1897 1276 1105 1429 1356 1866 1138 1440 1206 1610 1693 1578 1296 1577 1677 1357 1852 1861 1573 1778 1721 1289 1109 1477 2000 1203 1382 1482 1236 1947 1914 1486 1938 1722 1637 1441 1142 1218 1458 1567 1782 1150 1551 1843 1690 1700 1093 1370 1534 1542 1592 1529 1713 1985 1442 1630 1321 1388 1411 1659 1020 1706 1546 1145 1167 1250 1671 1492 1528 1555 1028 1194 1965 1221 1814 1476 1239 1948 1257 1865 1781 1183 1896 1836 1151 1392 1576 1529 1169 1916 BCNSPRNW ULIB Ver.6.0+V

เปลี่ยนเป็นภาษาไทย

Change to English
 แสดงรายละเอียดบรรณานุกรม
  กลับหน้าหลัก

Brief Record : Get Marc (ISO 2709) : E-mail record : QR code < ปิดหน้าต่าง
LEADER : 00000nam 2200000uu 4500
001    13399110138
003     ULIB
008    110418s2549||||th 000 0 tha d
020    9789747489637
060 04 WJ378^bม174อ 2550
100 0  มนู ยุวศิริกุลชัย
245 00 อยู่กับไตวาย /^cมนู ยุวศิริกุลชัย
260    กรุงเทพฯ :^bใกล้หมอ,^c2549
300    104 หน้า
650  7 ไตวาย
945    ^p99^l0^i022543
995    ทศพร
999 ^a ใช้งานได้ทุกระบบ
รายการนี้ยังไม่มีแท็ก
คุณยังไม่ได้ล็อกอิน คุณสามารถมีกิจกรรมร่วมกับเว็บไซต์ได้ แต่ต้องล็อกอินก่อน ::
  ล็อกอิน

รายการสื่อสารสนเทศ

ลำดับที่ ประเภท เลขเรียก/บาร์โค้ด สถานที่ สถานะ
- ไม่พบข้อมูล -

รายการใกล้เคียง
    ผู้แต่ง [มนู ยุวศิริกุลชัย]

    หัวเรื่อง [ไตวาย]

BibComment


ยังไม่เคยถูกคอมเมนท์

คอมเมนท์ทรัพยากรรายการนี้
  คอมเมนท์: อยู่กับไตวาย มนู..


 Copyright 2026. Bcnsprnw @Library